[Event "25th Zadar Open 2018"]
[Site "Zadar"]
[Date "2018.12.16"]
[Round "3.15"]
[White "Kurayan, Ruslan"]
[Black "Dixit, Nikhil"]
[Result "1/2-1/2"]
[WhiteElo "2391"]
[BlackElo "2292"]
[Annotator "NA"]
[PlyCount "86"]
[EventDate "2018.12.15"]
[EventType "swiss"]
[EventCountry "CRO"]
[SourceTitle "playchess.com"]
[Source "ChessBase"]
[SourceQuality "1"]
[TimeControl "40/5400+30:1800+30"]

1. e4 {[%emt 0:03:30]} g6 {[%emt 0:04:30]} 2. d4 {[%emt 0:00:00]} Bg7 {[%emt 0:00:00]} 3. Nc3 {[%emt 0:00:00]} c6 {[%emt 0:00:00]} 4. Nf3 {[%emt 0:00:30]} d6 {[%emt 0:00:30]} 5. Be3 {[%emt 0:00:00]} Nf6 {[%emt 0:00:00]} 6. h3 {[%emt 0:00:00]} O-O {[%emt 0:02:00]} 7. Qd2 {[%emt 0:03:30]} Qa5 {[%emt 0:07:30]} 8. Bd3 {[%emt 0:03:30] B08: Pirc Defence: Classical System} e5 {[%emt 0:05:30]} 9. dxe5 {[%emt 0:04:30]} dxe5 {[%emt 0:00:30]} 10. O-O {[%emt 0:00:30]} Nbd7 {[%emt 0:04:30]} 11. a3 {[%emt 0:00:30]} (11. Nd5 Qd8 12. Nxf6+ Bxf6 13. Bc4 Qe7 14. Rfd1 {0-1 (48) Khenkin,I (2565)-Onischuk,V (2610) Dresden 2017}) 11... Rd8 $146 {[%emt 0:05:30]} ({Predecessor:} 11... Re8 12. Bc4 Nf8 13. Rfd1 Be6 14. Qe2 Rad8 15. Ng5 Bxc4 16. Qxc4 Rxd1+ 17. Rxd1 {½-½ (45) Roca Rojas,A (2242)-Perez Mederos,R (2192) Santa Clara 2015}) 12. Ng5 {[%emt 0:19:30]} Nf8 {[%emt 0:03:30]} 13. Nd5 {[%emt 0:00:30]} Rxd5 {[%emt 0:02:30]} 14. exd5 {[%emt 0:00:00]} Qxd2 {[%emt 0:01:30]} 15. Bxd2 {[%emt 0:00:00]} cxd5 {[%emt 0:00:30]} 16. Bb5 {[%emt 0:12:30]} a6 {[%emt 0:07:30]} 17. Ba4 {[%emt 0:00:30]} e4 {[%emt 0:04:30]} 18. f3 {[%emt 0:00:30]} e3 {[%emt 0:10:30]} 19. Bxe3 {[%emt 0:01:30]} h6 {[%emt 0:00:00]} 20. h4 {[%emt 0:01:30]} hxg5 {[%emt 0:01:00]} 21. hxg5 {[%emt 0:00:30]} N6d7 {[%emt 0:01:30]} 22. Rad1 {[%emt 0:07:30]} Ne5 {[%emt 0:05:30]} 23. Bb3 {[%emt 0:02:30]} Be6 {[%emt 0:01:30]} 24. Bd4 {[%emt 0:07:30]} Nc4 $15 {[%emt 0:02:30]} 25. Bxc4 {[%emt 0:04:30]} dxc4 {[%emt 0:00:30]} 26. Rfe1 {[%emt 0:00:30]} Rc8 {[%emt 0:02:30]} 27. Bxg7 {[%emt 0:05:30]} Kxg7 {[%emt 0:00:30]} 28. c3 {[%emt 0:00:30]} Rc5 {[%emt 0:06:30]} 29. f4 {[%emt 0:00:30]} Rc7 {[%emt 0:01:30]} 30. Rd8 {[%emt 0:01:30]} Nd7 {[%emt 0:04:55]} 31. Kf2 {[%emt 0:00:30]} Nc5 {[%emt 0:00:23]} 32. Kf3 {[%emt 0:05:51]} Nd3 {[%emt 0:01:11]} 33. Re2 {[%emt 0:00:28]} Rc5 {[%emt 0:03:18]} 34. a4 {[%emt 0:10:34]} Rf5 {[%emt 0:03:48]} 35. g3 {[%emt 0:00:25]} Rd5 {[%emt 0:02:32]} 36. Rxd5 {[%emt 0:02:22]} Bxd5+ {[%emt 0:00:09]} 37. Ke3 {[%emt 0:00:03]} Be6 {[%emt 0:01:02]} 38. Kd4 {[%emt 0:03:15]} b6 {[%emt 0:01:08]} 39. b4 {[%emt 0:01:10]} Nc1 {[%emt 0:05:47]} 40. Re1 {[%emt 0:00:00]} Nb3+ {[%emt 0:00:00]} 41. Ke5 {[%emt 0:03:52]} Bd7 {[%emt 0:02:47]} 42. Kd5 {[%emt 0:02:30]} Bxa4 {[%emt 0:04:30]} 43. Kxc4 {[%emt 0:00:30]} a5 {[%emt 0:00:30]} 1/2-1/2

[Event "25th Zadar Open 2018"]
[Site "Zadar"]
[Date "2018.12.16"]
[Round "3.16"]
[White "Bukal, Vladimir Jr."]
[Black "Ojas Kulkarni"]
[Result "1-0"]
[WhiteElo "2390"]
[BlackElo "2282"]
[Annotator "NA"]
[PlyCount "83"]
[EventDate "2018.12.15"]
[EventType "swiss"]
[EventCountry "CRO"]
[SourceTitle "playchess.com"]
[Source "ChessBase"]
[SourceQuality "1"]
[TimeControl "40/5400+30:1800+30"]

1. d4 {[%emt 0:00:30]} Nf6 {[%emt 0:00:30]} 2. Nf3 {[%emt 0:00:00]} g6 {[%emt 0:00:00]} 3. Nc3 {[%emt 0:00:00]} d5 {[%emt 0:00:00]} 4. Bf4 {[%emt 0:00:30]} Bg7 {[%emt 0:00:00]} 5. e3 {[%emt 0:00:30]} O-O $11 {[%emt 0:00:00] LiveBook: 982 Games} 6. Be2 {[%emt 0:00:30]} c5 {[%emt 0:01:30]} 7. Ne5 {[%emt 0:00:00]} cxd4 {[%emt 0:01:30]} 8. exd4 {[%emt 0:00:00]} Nc6 {[%emt 0:00:30]} 9. O-O {[%emt 0:03:30]} Qb6 {[%emt 0:11:30]} 10. Nxc6 {[%emt 0:02:30]} Qxc6 {[%emt 0:04:30]} 11. Bb5 {[%emt 0:03:30]} Qb6 {[%emt 0:00:30]} 12. a4 {[%emt 0:00:30]} a6 {[%emt 0:08:30]} 13. a5 {[%emt 0:00:00]} Qd8 {[%emt 0:00:30]} 14. Be2 {[%emt 0:04:00]} Bd7 {[%emt 0:01:30]} 15. Bf3 {[%emt 0:07:30]} Bc6 {[%emt 0:00:30]} 16. Re1 {[%emt 0:00:30]} e6 {[%emt 0:01:30]} 17. Re3 {[%emt 0:11:30]} Rc8 {[%emt 0:05:30]} 18. h4 {[%emt 0:09:30]} Ne4 {[%emt 0:00:30]} 19. g3 {[%emt 0:04:30]} Nd6 {[%emt 0:09:30]} 20. b3 {[%emt 0:09:30]} Nf5 {[%emt 0:06:30]} 21. Rd3 {[%emt 0:00:30]} Qd7 {[%emt 0:00:30]} 22. Na4 {[%emt 0:01:30]} Bxa4 {[%emt 0:04:30]} 23. Rxa4 {[%emt 0:00:30]} Rfe8 {[%emt 0:01:30]} 24. Rb4 {[%emt 0:04:30]} Bf8 {[%emt 0:03:30]} 25. Rb6 {[%emt 0:00:30]} Bd6 {[%emt 0:01:30]} 26. Bxd6 {[%emt 0:01:30]} Nxd6 {[%emt 0:00:00]} 27. h5 {[%emt 0:00:30]} Rc7 {[%emt 0:01:00]} 28. Qe2 {[%emt 0:04:30]} Nc8 {[%emt 0:04:30]} 29. Rb4 {[%emt 0:00:30]} Qd6 {[%emt 0:00:30]} 30. c3 {[%emt 0:06:30]} Rxc3 {[%emt 0:14:36]} 31. Rxb7 {[%emt 0:00:00]} Rc7 {[%emt 0:00:22]} 32. Rxc7 {[%emt 0:04:00]} Qxc7 {[%emt 0:00:03]} 33. Bxd5 {[%emt 0:02:30]} Qxa5 {[%emt 0:00:33]} 34. Bc6 {[%emt 0:02:08]} Rd8 {[%emt 0:00:25]} 35. d5 {[%emt 0:00:12]} Ne7 {[%emt 0:09:18]} 36. h6 {[%emt 0:01:15]} Qa1+ {[%emt 0:04:43]} 37. Rd1 {[%emt 0:07:43]} Qf6 {[%emt 0:00:05]} 38. Bb7 {[%emt 0:00:45]} exd5 {[%emt 0:01:43]} 39. Bxa6 {[%emt 0:00:49]} d4 {[%emt 0:02:30]} 40. Re1 {[%emt 0:00:00]} Rf8 {[%emt 0:00:00]} 41. Qxe7 {[%emt 0:04:08]} Qxa6 {[%emt 0:01:42]} 42. Qe5 {[%emt 0:00:30]} 1-0

[Event "25th Zadar Open 2018"]
[Site "Zadar"]
[Date "2018.12.16"]
[Round "3.17"]
[White "Salimova, Nurgyul"]
[Black "Sahil, Tickoo"]
[Result "1-0"]
[WhiteElo "2377"]
[BlackElo "2224"]
[Annotator "NA"]
[PlyCount "87"]
[EventDate "2018.12.15"]
[EventType "swiss"]
[EventCountry "CRO"]
[SourceTitle "playchess.com"]
[Source "ChessBase"]
[SourceQuality "1"]
[TimeControl "40/5400+30:1800+30"]

1. e4 {[%emt 0:00:30]} c5 {[%emt 0:00:30]} 2. Nf3 {[%emt 0:00:00]} d6 {[%emt 0:00:00]} 3. d4 {[%emt 0:00:00]} cxd4 {[%emt 0:00:00]} 4. Nxd4 {[%emt 0:00:30]} Nf6 {[%emt 0:00:30]} 5. Nc3 {[%emt 0:00:00]} a6 {[%emt 0:00:00]} 6. Bg5 {[%emt 0:00:00]} e6 {[%emt 0:00:00]} 7. f4 {[%emt 0:00:30]} Be7 {[%emt 0:00:30]} 8. Qf3 {[%emt 0:00:30]} Qc7 {[%emt 0:00:30]} 9. O-O-O {[%emt 0:01:30]} Nbd7 {[%emt 0:01:30]} 10. g4 {[%emt 0:08:30]} b5 {[%emt 0:03:30]} 11. Bxf6 {[%emt 0:00:30]} Nxf6 {[%emt 0:00:30]} 12. g5 {[%emt 0:00:00]} Nd7 {[%emt 0:00:00]} 13. f5 {[%emt 0:01:00]} O-O {[%emt 0:01:00]} 14. fxe6 {[%emt 0:03:30]} fxe6 {[%emt 0:00:30]} 15. Nxe6 {[%emt 0:03:30]} Rxf3 {[%emt 0:00:30]} 16. Nxc7 {[%emt 0:00:30]} Bxg5+ {[%emt 0:01:30]} 17. Kb1 {[%emt 0:00:00]} Ra7 {[%emt 0:02:30]} 18. Ne8 {[%emt 0:03:00]} Ne5 {[%emt 0:21:30]} 19. Nxd6 {[%emt 0:01:30]} Be6 {[%emt 0:05:30]} 20. a4 {[%emt 0:30:30]} b4 {[%emt 0:14:30]} 21. Nd5 {[%emt 0:03:30]} b3 {[%emt 0:11:30]} 22. cxb3 {[%emt 0:06:30]} Rxb3 {[%emt 0:04:30]} 23. Be2 {[%emt 0:15:30]} Rd7 {[%emt 0:10:52]} 24. h4 {[%emt 0:08:24]} Bd8 {[%emt 0:14:42]} 25. Nf5 {[%emt 0:10:57]} Rxd5 {[%emt 0:01:49]} 26. Rxd5 {[%emt 0:00:43]} Bxd5 {[%emt 0:00:10]} 27. exd5 {[%emt 0:00:05]} g6 {[%emt 0:04:22]} 28. Nd4 {[%emt 0:00:59]} Rb6 {[%emt 0:00:12]} 29. Ne6 {[%emt 0:00:34]} Bf6 {[%emt 0:00:31]} 30. Nc5 {[%emt 0:00:33]} Bg7 {[%emt 0:00:45]} 31. Nxa6 {[%emt 0:00:42]} Nd7 {[%emt 0:00:28]} 32. Bb5 {[%emt 0:00:14]} Nf6 {[%emt 0:00:35]} 33. Rd1 {[%emt 0:00:13]} Ne4 {[%emt 0:00:25]} 34. Nc7 {[%emt 0:01:17]} Nd6 {[%emt 0:00:23]} 35. Rc1 {[%emt 0:00:41]} Bf6 {[%emt 0:00:43]} 36. Rc6 {[%emt 0:00:20]} Rxc6 {[%emt 0:00:30]} 37. dxc6 {[%emt 0:00:07]} Bxh4 {[%emt 0:00:14]} 38. Nd5 {[%emt 0:00:26]} Kf7 {[%emt 0:00:39]} 39. c7 {[%emt 0:00:49]} Bf2 {[%emt 0:00:33]} 40. Bd7 {[%emt 0:00:00]} h5 {[%emt 0:00:00]} 41. b4 {[%emt 0:04:56]} g5 {[%emt 0:04:37]} 42. b5 {[%emt 0:00:30]} g4 {[%emt 0:02:30]} 43. b6 {[%emt 0:01:30]} g3 {[%emt 0:16:22]} 44. Bh3 {[%emt 0:00:00]} 1-0

[Event "25th Zadar Open 2018"]
[Site "Zadar"]
[Date "2018.12.16"]
[Round "3.18"]
[White "Zelic, Mladen"]
[Black "Bilobrk, Franjo"]
[Result "1/2-1/2"]
[WhiteElo "2274"]
[BlackElo "2364"]
[Annotator "NA"]
[PlyCount "22"]
[EventDate "2018.12.15"]
[EventType "swiss"]
[EventCountry "CRO"]
[SourceTitle "playchess.com"]
[Source "ChessBase"]
[SourceQuality "1"]
[TimeControl "40/5400+30:1800+30"]

1. e4 {[%emt 0:00:30]} e6 {[%emt 0:00:30]} 2. d4 {[%emt 0:00:00]} d5 {[%emt 0:00:00]} 3. Nc3 {[%emt 0:00:00]} Nf6 {[%emt 0:00:00]} 4. e5 {[%emt 0:00:30]} Nfd7 {[%emt 0:00:30]} 5. f4 {[%emt 0:00:30]} c5 {[%emt 0:00:00]} 6. Nf3 {[%emt 0:00:00]} Nc6 {[%emt 0:00:00]} 7. Be3 {[%emt 0:00:00]} Qb6 {[%emt 0:00:00]} 8. Na4 {[%emt 0:00:30]} Qa5+ {[%emt 0:00:00]} 9. Nc3 {[%emt 0:00:30]} Qb6 {[%emt 0:00:30]} 10. Na4 {[%emt 0:00:00]} Qa5+ {[%emt 0:00:00]} 11. Nc3 {[%emt 0:00:00]} Qb6 {[%emt 0:00:00]} 1/2-1/2

[Event "25th Zadar Open 2018"]
[Site "Zadar"]
[Date "2018.12.16"]
[Round "3.19"]
[White "Bosnjak, Petar"]
[Black "Sutkovic, Damir"]
[Result "0-1"]
[WhiteElo "2255"]
[BlackElo "2345"]
[Annotator "NA"]
[PlyCount "114"]
[EventDate "2018.12.15"]
[EventType "swiss"]
[EventCountry "CRO"]
[SourceTitle "playchess.com"]
[Source "ChessBase"]
[SourceQuality "1"]
[TimeControl "40/5400+30:1800+30"]

1. e4 {[%emt 0:00:30]} c5 {[%emt 0:01:30]} 2. Nf3 {[%emt 0:00:00]} e6 {[%emt 0:00:00]} 3. d4 {[%emt 0:00:00]} cxd4 {[%emt 0:00:00]} 4. Nxd4 {[%emt 0:00:00]} a6 {[%emt 0:00:00]} 5. Bd3 {[%emt 0:00:00]} Bc5 {[%emt 0:00:00]} 6. Nb3 {[%emt 0:00:00]} Be7 {[%emt 0:00:30]} 7. Qg4 {[%emt 0:01:00]} Bf6 {[%emt 0:01:30]} 8. Nc3 {[%emt 0:01:30]} d6 {[%emt 0:00:30]} 9. Bd2 {[%emt 0:06:30]} Nc6 {[%emt 0:01:30]} 10. O-O-O {[%emt 0:02:30]} Nge7 {[%emt 0:01:30]} 11. h4 {[%emt 0:04:30]} O-O {[%emt 0:20:30]} 12. Bg5 {[%emt 0:19:30]} Bxc3 {[%emt 0:03:30]} 13. bxc3 {[%emt 0:00:30]} Ne5 {[%emt 0:01:30]} 14. Qg3 {[%emt 0:00:30]} f6 {[%emt 0:00:30]} 15. Bh6 {[%emt 0:10:30]} Rf7 {[%emt 0:00:30]} 16. Be2 {[%emt 0:05:30]} b5 {[%emt 0:05:30]} 17. Be3 {[%emt 0:23:30]} Qc7 {[%emt 0:07:30]} 18. f4 {[%emt 0:04:07]} Nc4 {[%emt 0:02:30]} 19. Bh5 {[%emt 0:00:55]} Rf8 {[%emt 0:05:30]} 20. Bg4 {[%emt 0:00:05]} e5 {[%emt 0:10:30]} 21. Rhe1 {[%emt 0:00:33]} Bxg4 {[%emt 0:06:30]} 22. Qxg4 {[%emt 0:00:05]} f5 {[%emt 0:00:30]} 23. Qh3 {[%emt 0:02:34]} Nxe3 {[%emt 0:12:13]} 24. Qxe3 {[%emt 0:01:19]} fxe4 {[%emt 0:00:16]} 25. fxe5 {[%emt 0:01:57]} d5 {[%emt 0:00:45]} 26. Qd4 {[%emt 0:04:03]} Rac8 {[%emt 0:02:09]} 27. Kb2 {[%emt 0:01:26]} Rf5 {[%emt 0:05:03]} 28. e6 {[%emt 0:02:41]} Rf6 {[%emt 0:01:49]} 29. Qe3 {[%emt 0:01:25]} Rxe6 {[%emt 0:01:15]} 30. Nd4 {[%emt 0:00:07]} Rg6 {[%emt 0:00:29]} 31. Qd2 {[%emt 0:02:00]} Rg3 {[%emt 0:07:20]} 32. Re3 {[%emt 0:00:06]} Rxe3 {[%emt 0:00:42]} 33. Qxe3 {[%emt 0:00:03]} Qe5 {[%emt 0:01:35]} 34. Qh3 {[%emt 0:03:38]} Rd8 {[%emt 0:00:43]} 35. a3 {[%emt 0:01:23]} h6 {[%emt 0:00:15]} 36. Qg4 {[%emt 0:00:53]} Rd6 {[%emt 0:00:53]} 37. Rf1 {[%emt 0:01:34]} Rf6 {[%emt 0:00:27]} 38. Rxf6 {[%emt 0:00:03]} Qxf6 {[%emt 0:00:05]} 39. Qg3 {[%emt 0:00:00]} Kh7 {[%emt 0:00:00]} 40. Qg4 {[%emt 0:00:00]} Ng6 {[%emt 0:00:00]} 41. Qd7 {[%emt 0:13:24]} Ne5 {[%emt 0:19:27]} 42. Qxd5 {[%emt 0:05:44]} Nc4+ {[%emt 0:00:07]} 43. Ka2 {[%emt 0:00:34]} Qe7 {[%emt 0:00:36]} 44. Kb1 {[%emt 0:00:07]} Nxa3+ {[%emt 0:01:55]} 45. Kc1 {[%emt 0:02:08]} Nc4 {[%emt 0:00:22]} 46. Qf5+ {[%emt 0:03:03]} Kg8 {[%emt 0:02:36]} 47. Qc8+ {[%emt 0:01:58]} Qf8 {[%emt 0:00:21]} 48. Qxf8+ {[%emt 0:01:54]} Kxf8 {[%emt 0:00:04]} 49. Ne6+ {[%emt 0:00:02]} Kf7 {[%emt 0:00:34]} 50. Nc7 {[%emt 0:00:27]} a5 {[%emt 0:01:49]} 51. Nxb5 {[%emt 0:00:09]} Kg6 {[%emt 0:02:43]} 52. Nd4 {[%emt 0:01:33]} Kh5 {[%emt 0:00:59]} 53. Nf5 {[%emt 0:00:00]} Kg4 {[%emt 0:00:45]} 54. Nxg7 {[%emt 0:00:05]} a4 {[%emt 0:01:42]} 55. Ne6 {[%emt 0:00:14]} a3 {[%emt 0:00:12]} 56. Kb1 {[%emt 0:00:16]} Kxh4 {[%emt 0:00:25]} 57. Nc5 {[%emt 0:00:44]} e3 {[%emt 0:00:15]} 0-1

[Event "25th Zadar Open 2018"]
[Site "Zadar"]
[Date "2018.12.16"]
[Round "3.20"]
[White "Paszewski, Mateusz"]
[Black "Pallitsch, Clemens"]
[Result "0-1"]
[WhiteElo "2342"]
[BlackElo "2176"]
[Annotator "ChessBase"]
[PlyCount "182"]
[EventDate "2018.12.15"]
[EventType "swiss"]
[EventCountry "CRO"]
[SourceTitle "playchess.com"]
[Source "ChessBase"]
[SourceQuality "1"]
[TimeControl "40/5400+30:1800+30"]

1. e4 {[%emt 0:00:30]} c5 {[%emt 0:00:30]} 2. Nf3 {[%emt 0:00:00]} e6 {[%emt 0:00:00]} 3. d4 {[%emt 0:01:00]} cxd4 {[%emt 0:00:00]} 4. Nxd4 {[%emt 0:00:30]} Nc6 {[%emt 0:00:30]} 5. Nc3 {[%emt 0:00:00]} Qc7 {[%emt 0:00:00]} 6. Be3 {[%emt 0:02:00]} a6 {[%emt 0:01:00]} 7. Qf3 {[%emt 0:01:30]} Nf6 {[%emt 0:02:30]} 8. O-O-O {[%emt 0:00:30]} Be7 {[%emt 0:01:30]} 9. Be2 {[%emt 0:02:30]} Nxd4 {[%emt 0:07:30]} 10. Bxd4 {[%emt 0:02:30]} d6 {[%emt 0:00:30]} 11. h3 {[%emt 0:13:30]} e5 {[%emt 0:02:30]} 12. Be3 {[%emt 0:01:30]} Be6 {[%emt 0:00:30]} 13. g4 {[%emt 0:02:30]} Rc8 {[%emt 0:01:30]} 14. g5 {[%emt 0:07:30]} Nd7 {[%emt 0:00:30]} 15. Kb1 {[%emt 0:00:30]} b5 {[%emt 0:01:30]} 16. Rc1 {[%emt 0:03:30]} Qa5 {[%emt 0:03:30]} 17. Nd5 {[%emt 0:01:30]} Bxd5 {[%emt 0:00:30]} 18. exd5 {[%emt 0:00:30]} Nb6 {[%emt 0:01:30]} 19. Bxb6 {[%emt 0:05:30]} Qxb6 {[%emt 0:00:30]} 20. h4 {[%emt 0:00:00]} Rc5 {[%emt 0:02:30]} 21. Bd3 {[%emt 0:02:00]} b4 {[%emt 0:01:30]} 22. Qe4 {[%emt 0:12:30]} Qb7 {[%emt 0:04:30]} 23. Bc4 {[%emt 0:00:30]} O-O {[%emt 0:01:30]} 24. Rcg1 {[%emt 0:12:30]} Rfc8 {[%emt 0:01:30]} 25. b3 {[%emt 0:07:30]} Qd7 {[%emt 0:02:30]} 26. Bd3 {[%emt 0:04:37]} g6 {[%emt 0:00:30]} 27. h5 {[%emt 0:00:10]} Bf8 {[%emt 0:01:30]} 28. Rg3 {[%emt 0:10:37]} Bg7 {[%emt 0:03:30]} 29. Rf3 {[%emt 0:01:37]} Qc7 {[%emt 0:01:30]} 30. hxg6 {[%emt 0:01:14]} hxg6 {[%emt 0:00:00]} 31. Bc4 {[%emt 0:03:29]} Qa5 {[%emt 0:01:00]} 32. Rf6 {[%emt 0:01:10]} Qa3 {[%emt 0:01:30]} 33. Qf3 {[%emt 0:00:32]} Ra5 {[%emt 0:11:30]} 34. Qh3 {[%emt 0:00:09]} Qxa2+ {[%emt 0:00:30]} 35. Kc1 {[%emt 0:00:01]} Qa1+ {[%emt 0:01:30]} 36. Kd2 {[%emt 0:00:01]} Qc3+ {[%emt 0:00:00]} 37. Qxc3 {[%emt 0:00:12]} bxc3+ {[%emt 0:00:00]} 38. Kd3 {[%emt 0:00:06]} Bxf6 {[%emt 0:00:00]} 39. gxf6 {[%emt 0:00:01]} Rac5 {[%emt 0:03:00]} 40. Rd1 {[%emt 0:00:00]} a5 {[%emt 0:00:00]} 41. Ra1 {[%emt 0:09:04]} e4+ {[%emt 0:04:00]} 42. Kxe4 {[%emt 0:02:30]} Re8+ {[%emt 0:01:30]} 43. Kd4 {[%emt 0:02:30]} Re5 {[%emt 0:03:30]} 44. b4 {[%emt 0:00:30]} axb4 {[%emt 0:00:30]} 45. Ra8+ {[%emt 0:00:30]} Kh7 {[%emt 0:00:30]} 46. Rd8 {[%emt 0:00:00]} Rf5 {[%emt 0:00:30]} 47. Rxd6 {[%emt 0:00:00]} Rc7 {[%emt 0:00:30]} 48. Bb3 {[%emt 0:01:30]} Rxf2 {[%emt 0:01:30]} 49. Rb6 {[%emt 0:00:30]} g5 {[%emt 0:01:30]} 50. d6 {[%emt 0:01:30]} Rd7 {[%emt 0:00:30]} 51. Ba4 {[%emt 0:00:30]} Rd8 {[%emt 0:02:30]} 52. d7 {[%emt 0:00:30]} g4 {[%emt 0:00:30]} 53. Ke5 {[%emt 0:00:00]} Kg6 {[%emt 0:03:30]} 54. Rxb4 {[%emt 0:00:00]} Rf5+ {[%emt 0:00:30]} 55. Kd6 {[%emt 0:00:30]} g3 {[%emt 0:00:30]} 56. Bc6 {[%emt 0:01:45]} Rg5 {[%emt 0:08:30]} 57. Bg2 {[%emt 0:06:04]} Kxf6 {[%emt 0:03:30]} 58. Rc4 {[%emt 0:03:02]} Re5 {[%emt 0:04:30]} 59. Rxc3 {[%emt 0:02:40]} Re6+ {[%emt 0:01:30]} 60. Kc7 {[%emt 0:00:12]} Ke7 {[%emt 0:00:30]} 61. Bc6 {[%emt 0:00:30]} Rg8 {[%emt 0:08:30]} 62. Bb7 {[%emt 0:05:18]} Re2 {[%emt 0:01:30]} 63. Bc6 {[%emt 0:03:19]} g2 {[%emt 0:21:20]} 64. Bxg2 {[%emt 0:00:07]} Rexg2 {[%emt 0:00:05]} 65. Re3+ {[%emt 0:00:20]} Kf6 {[%emt 0:00:07]} 66. d8=Q+ {[%emt 0:00:47]} Rxd8 {[%emt 0:00:03]} 67. Kxd8 {[%emt 0:00:03]} Rxc2 {[%emt 0:00:09]} 68. Ke8 {[%emt 0:01:37]} Rf2 {[%emt 0:01:26]} 69. Kf8 {[%emt 0:01:18]} Kg5 {[%emt 0:00:45]} 70. Ke7 {[%emt 0:00:45]} f5 {[%emt 0:00:17]} 71. Ke6 {[%emt 0:00:07]} f4 {[%emt 0:00:18]} 72. Re1 {[%emt 0:00:01]} f3 {[%emt 0:00:24]} 73. Kd5 {[%emt 0:00:16]} Rd2+ {[%emt 0:00:41]} 74. Kc4 {[%emt 0:00:10]} Kf4 {[%emt 0:00:37]} 75. Kc3 {[%emt 0:00:06]} Rd8 {[%emt 0:00:18]} 76. Kc2 {[%emt 0:00:08]} Kg3 {[%emt 0:00:14]} 77. Re7 {[%emt 0:00:04]} Kg2 {[%emt 0:02:31]} 78. Rg7+ {[%emt 0:00:04]} Kf1 {[%emt 0:00:08]} 79. Kc1 {[%emt 0:00:04]} Rd4 {[%emt 0:01:01]} 80. Kc2 {[%emt 0:00:02]} Kf2 {[%emt 0:00:20]} 81. Rg8 {[%emt 0:00:04]} Ke3 {[%emt 0:01:44]} 82. Re8+ {[%emt 0:00:05]} Kf4 {[%emt 0:00:09]} 83. Rf8+ {[%emt 0:00:04]} Kg3 {[%emt 0:00:18]} 84. Rg8+ {[%emt 0:00:03]} Rg4 {[%emt 0:00:42]} 85. Rf8 {[%emt 0:00:04]} Kg2 {[%emt 0:00:29]} 86. Kd2 {[%emt 0:00:08]} f2 {[%emt 0:00:32]} 87. Ke2 {[%emt 0:00:05]} Re4+ {[%emt 0:00:07]} 88. Kd3 {[%emt 0:00:01]} Re1 {[%emt 0:00:16]} 89. Rg8+ {[%emt 0:00:02]} Kh3 {[%emt 0:00:20]} 90. Rh8+ {[%emt 0:00:02]} Kg4 {[%emt 0:00:14]} 91. Rg8+ {[%emt 0:00:02]} Kh5 {[%emt 0:00:10]} 0-1

[Event "25th Zadar Open 2018"]
[Site "Zadar"]
[Date "2018.12.16"]
[Round "3.21"]
[White "Blagojevic, Tijana"]
[Black "Nester, Ihor"]
[Result "1/2-1/2"]
[WhiteElo "2208"]
[BlackElo "2337"]
[Annotator "NA"]
[PlyCount "134"]
[EventDate "2018.12.15"]
[EventType "swiss"]
[EventCountry "CRO"]
[SourceTitle "playchess.com"]
[Source "ChessBase"]
[SourceQuality "1"]
[TimeControl "40/5400+30:1800+30"]

1. e4 {[%emt 0:00:30]} e5 {[%emt 0:03:30]} 2. Nf3 {[%emt 0:01:30]} Nc6 {[%emt 0:00:30]} 3. Nc3 {[%emt 0:00:30]} Nf6 {[%emt 0:00:00]} 4. d4 {[%emt 0:00:00]} Bb4 {[%emt 0:00:00]} 5. Nxe5 {[%emt 0:00:00]} Qe7 {[%emt 0:00:30]} 6. Qd3 {[%emt 0:00:30]} Nxd4 {[%emt 0:01:30] C47: Scotch Four Knights and Four Knights with 4 g3} 7. Qxd4 {[%emt 0:00:30]} Bc5 {[%emt 0:00:00]} 8. Qd3 {[%emt 0:00:00]} Qxe5 {[%emt 0:00:00]} 9. f4 {[%emt 0:00:00]} Qd4 {[%emt 0:00:30]} 10. Qxd4 {[%emt 0:00:30]} Bxd4 {[%emt 0:00:30]} 11. Nb5 $146 {[%emt 0:00:30]} ({Predecessor:} 11. e5 Bxc3+ 12. bxc3 Ne4 13. c4 b6 14. Bd3 {0-1 (45) Jahnz,F (2186)-Stern,R (2495) Berlin 2010}) 11... Bb6 {[%emt 0:00:30]} 12. e5 {[%emt 0:00:30]} Ne4 {[%emt 0:08:30]} 13. Bd3 {[%emt 0:01:30]} Nc5 {[%emt 0:01:30]} 14. Ke2 {[%emt 0:08:30]} (14. Be2 $11 {remains equal.}) 14... Nxd3 {[%emt 0:05:30]} 15. cxd3 {[%emt 0:00:00]} a6 {[%emt 0:00:30]} 16. Nc3 {[%emt 0:00:00]} d6 {[%emt 0:01:30]} 17. exd6 {[%emt 0:07:30]} Bg4+ {[%emt 0:00:30]} 18. Kd2 {[%emt 0:00:30]} O-O-O {[%emt 0:00:30]} 19. h3 {[%emt 0:00:30]} Be6 {[%emt 0:00:30]} 20. dxc7 {[%emt 0:03:30]} Bxc7 {[%emt 0:00:30]} 21. Kc2 {[%emt 0:01:30]} Bf5 {[%emt 0:02:30]} 22. Ne4 {[%emt 0:00:30]} Rhe8 {[%emt 0:09:30]} 23. Re1 {[%emt 0:02:30]} h5 {[%emt 0:09:30]} 24. Bd2 {[%emt 0:02:30]} Re6 {[%emt 0:00:30]} 25. Rad1 {[%emt 0:01:30]} Rc6+ {[%emt 0:00:30]} 26. Bc3 {[%emt 0:00:30]} Bxf4 {[%emt 0:03:30]} 27. Rf1 {[%emt 0:00:30]} Bxe4 {[%emt 0:03:30]} 28. dxe4 {[%emt 0:01:30]} g5 {[%emt 0:01:30]} 29. Rxd8+ {[%emt 0:02:30]} Kxd8 {[%emt 0:00:00]} 30. g3 {[%emt 0:01:30]} Bxg3 {[%emt 0:02:00]} 31. Rxf7 {[%emt 0:00:00]} b5 {[%emt 0:08:30]} 32. Kd3 {[%emt 0:01:00]} Ke8 {[%emt 0:03:30]} 33. Rh7 {[%emt 0:01:30]} h4 {[%emt 0:01:30]} 34. e5 {[%emt 0:04:30]} Rc4 {[%emt 0:08:30] [#]} 35. Bd4 $1 {[%emt 0:10:30]} Rc1 $18 {[%emt 0:15:29]} 36. Ke4 {[%emt 0:02:30]} Rf1 {[%emt 0:03:43]} 37. Kd5 {[%emt 0:13:30]} Rf7 {[%emt 0:00:26]} 38. Rh8+ {[%emt 0:01:30]} Rf8 {[%emt 0:00:01]} 39. Rh6 {[%emt 0:03:30]} Bf2 {[%emt 0:05:30]} 40. Bxf2 {[%emt 0:00:00]} Rxf2 {[%emt 0:00:00]} 41. Rxa6 {[%emt 0:17:00]} Rxb2 {[%emt 0:00:21]} 42. Ke6 {[%emt 0:00:30]} Kd8 {[%emt 0:13:30]} 43. Ra8+ {[%emt 0:02:30]} Kc7 {[%emt 0:00:00]} 44. Kf6 {[%emt 0:02:30]} g4 {[%emt 0:01:00]} 45. hxg4 {[%emt 0:00:30]} h3 {[%emt 0:00:00]} 46. Rh8 {[%emt 0:00:30]} h2 {[%emt 0:00:00]} 47. a3 {[%emt 0:00:00]} Rf2+ {[%emt 0:01:30]} 48. Ke7 {[%emt 0:01:00]} Rg2 {[%emt 0:00:30]} 49. e6 {[%emt 0:00:30]} Rxg4 {[%emt 0:00:30]} 50. Rxh2 {[%emt 0:00:00]} Rg3 {[%emt 0:00:30]} 51. Rh5 {[%emt 0:04:00]} Kc6 {[%emt 0:00:30]} 52. Kf6 {[%emt 0:00:30]} Rxa3 {[%emt 0:01:41]} 53. e7 {[%emt 0:01:30]} Rf3+ {[%emt 0:05:16]} 54. Ke6 {[%emt 0:00:30]} Re3+ {[%emt 0:00:04]} 55. Kf7 {[%emt 0:00:30]} Rf3+ {[%emt 0:00:07]} 56. Ke8 {[%emt 0:00:30]} b4 {[%emt 0:00:09]} 57. Kd8 {[%emt 0:02:30]} Rd3+ {[%emt 0:00:13]} 58. Kc8 {[%emt 0:00:30]} Re3 {[%emt 0:00:14]} 59. Rh6+ {[%emt 0:00:30]} Kc5 {[%emt 0:02:19]} 60. Kd7 {[%emt 0:00:30]} b3 {[%emt 0:05:20]} 61. e8=Q {[%emt 0:01:30]} Rxe8 {[%emt 0:00:06]} 62. Kxe8 {[%emt 0:00:30]} b2 {[%emt 0:00:11]} 63. Rh1 {[%emt 0:00:00]} Kc4 {[%emt 0:00:05]} 64. Ke7 {[%emt 0:00:00]} Kb3 {[%emt 0:00:03]} 65. Kd6 {[%emt 0:00:30]} Ka2 {[%emt 0:00:06]} 66. Kc5 {[%emt 0:00:00]} b1=Q {[%emt 0:00:01]} 67. Rxb1 {[%emt 0:00:00]} Kxb1 {[%emt 0:00:04]} 1/2-1/2